The chemistry and processing of wood and plant fibrous materials (Record no. 42579)

MARC details
000 -LEADER
fixed length control field 00448nam a2200157Ia 4500
020 ## - INTERNATIONAL STANDARD BOOK NUMBER
ISBN 1855733056
082 ## - DEWEY DECIMAL CLASSIFICATION NUMBER
Classification number 630*813
Item number KEN
100 ## - MAIN ENTRY--AUTHOR NAME
Personal name Kennedy, John F
245 #4 - TITLE STATEMENT
Title The chemistry and processing of wood and plant fibrous materials
260 ## - PUBLICATION, DISTRIBUTION, ETC. (IMPRINT)
Place of publication England
Name of publisher Woodhead Publishing
Year of publication 1996
650 ## - SUBJECT ADDED ENTRY--TOPICAL TERM
Topical Term Fibre processing
650 ## - SUBJECT ADDED ENTRY--TOPICAL TERM
Topical Term Fibre resources
650 ## - SUBJECT ADDED ENTRY--TOPICAL TERM
Topical Term Non fibre resources
942 ## - ADDED ENTRY ELEMENTS (KOHA)
Koha item type Books
Holdings
Withdrawn status Lost status Damaged status Not for loan Home library Current library Date acquired Cost, normal purchase price Full call number Accession Number Koha item type
        RRII Library RRII Library 16/12/2021 150.00 630*813 KEN 22849 Books